Statistics for NCAA Colleges in Michigan

Click here to take the quiz!

General Stats

  • This quiz has been taken 157 times
  • The average score is 14 of 24

Answer Stats

DivisionTeam NameUniversity% Correct
Division IWolverinesMichigan
100%
Division ISpartansMichigan State
99%
Division IBroncosWestern Michigan
98%
Division IEaglesEastern Michigan
97%
Division IChippewasCentral Michigan
96%
Division IIWildcatsNorthern Michigan
76%
Division ITitansDetroit Mercy
71%
Division IILakersGrand Valley State
70%
Division IIHuskiesMichigan Tech
63%
Division IGrizzliesOakland
60%
Division IICardinalsSaginaw Valley State
59%
Division IIBulldogsFerris State
57%
Division IILakersLake Superior State
56%
Division IIWarriorsWayne State
45%
Division IIIScotsAlma
42%
Division IIIBritonsAlbion
41%
Division IIIFlying DutchHope
41%
Division IIIHornetsKalamazoo
38%
Division IIIBulldogsAdrian
35%
Division IITimberwolvesNorthwood
29%
Division IIChargersHillsdale College
29%
Division IIIKnightsCalvin
29%
Division IIICometsOlivet
18%
Division IIILionsFinlandia
11%

Score Distribution

Percentile by Number Answered

Percent of People with Each Score

Your Score History

You have not taken this quiz